Topographisches Post-Lexikon aller Ortschaften der k.k. Erbländer. T. 2, welcher Oesterreich, nehmlich: Inner-Nieder- und Ober-Oesterreich und die Gebiete Brixen und Trient bann in einem besonderen Anhange Vorder-Oesterreich in sich enthält. Bd. 4, T-Z /

Hlavní autor: Crusius, Christian, 1758-1831
Jazyk: Němčina
Vydáno: Wien : Schmidt, 1801
Fyzický popis: 513, [6] s.
Knihy
Uloženo v:
LEADER 00810nam a22001932a 4500
001 000786214
003 CZ BrMZK
005 20050822064707.0
007 ta
008 990305s1801 au f |||||||| ||ger d
040 |a BOA001  |b cze 
100 1 |a Crusius, Christian,  |d 1758-1831  |7 mzk2009534930  |4 com 
245 1 0 |a Topographisches Post-Lexikon aller Ortschaften der k.k. Erbländer.  |n T. 2, welcher Oesterreich, nehmlich: Inner-Nieder- und Ober-Oesterreich und die Gebiete Brixen und Trient bann in einem besonderen Anhange Vorder-Oesterreich in sich enthält.  |n Bd. 4, T-Z /  |c Christian Crusius 
260 |a Wien :  |b Schmidt,  |c 1801 
300 |a 513, [6] s. 
910 |a BOA001  |b 2-0001.760,2/4 
990 |a BK 
993 |a Y 
996 6 |b 2619309406  |c 2-0001.760,2/4  |l MZK  |r Sklad / do 24 hodin  |n 1  |w 000786214  |u 000010  |a 1  |e BOA001  |j MZK50  |s P